US states with the most NFL players - Statistics

General Stats
  • This quiz has been taken 15 times
  • The average score is 5 of 16
Answer Stats
# State % Correct
187 Texas
100%
173 California
71%
178 Florida
71%
150 Georgia
57%
67 Ohio
36%
66 North Carolina
29%
60 Alabama
21%
49 Illinois
21%
55 Pennsylvania
21%
51 Michigan
14%
64 Louisiana
7%
39 South Carolina
7%
37 Tennessee
7%
36 Virginia
7%
48 Maryland
0%
39 New Jersey
0%
No matching quizzes found
Score Distribution
Percent of People with Each Score
Percentile by Number Answered
Your Score History
You have not taken this quiz